Don't Blame Me - Taylor Swift (All Lyrics) - Statistics

General Stats
  • This quiz has been taken 433 times
    417 since last reset
  • The average score is 432 of 479
Answer Stats
Lyrics % Correct
blame
100%
Don't
100%
I
100%
(I)
100%
love
100%
me,
100%
me
100%
a
99%
be
99%
crazy
99%
for
99%
For
99%
life
99%
life,
99%
made
99%
my
99%
My
99%
of
99%
the
99%
it
98%
rest
98%
right
98%
right,
98%
you
98%
you,
98%
(You)
98%
(You
98%
doin'
97%
(Doin'
97%
doin',
97%
I'll
97%
(I'll
97%
baby
96%
baby)
96%
baby,
96%
If
96%
if
96%
(If)
96%
is
96%
doesn't,
95%
Lord,
95%
Oh
95%
oh
95%
oh,
95%
(Oh)
95%
drug
94%
ain't
93%
usin'
93%
(Usin'
93%
usin',
93%
usin')
93%
your
92%
(Your
92%
In
91%
time
91%
time,
91%
time"
91%
save
90%
to
90%
(To)
90%
I've
89%
been
88%
And
87%
and
87%
And,
87%
I'm
85%
on
84%
long
83%
no)
83%
Just
81%
just
81%
(Just)
81%
too
81%
was
81%
would
81%
(Would)
81%
but
79%
so
79%
this
79%
They
78%
you're,
78%
you're
78%
You're
78%
say,
77%
far
76%
I'd
76%
Every
75%
every
75%
touch
75%
knees
74%
now,
74%
first
73%
gone
73%
stay
73%
beg
72%
lovin'
72%
mind
72%
breakin'
71%
hearts
71%
line
71%
name
71%
"She's
71%
waste
71%
cross
70%
daisy
69%
decide
69%
face,
69%
from
69%
whatever
69%
with
69%
mine
68%
once
67%
poison
67%
(Yeah,
67%
away
66%
get
66%
lose
66%
grace
65%
ivy,
65%
touchin'
65%
walk
65%
them
64%
call
63%
gonna
63%
guys
63%
high,
63%
Somethin'
63%
Echoes
62%
(Echoes)
62%
Halo
62%
happened
62%
fall
60%
paradise
60%
use
60%
need
59%
older
59%
inside
58%
Shaking,
58%
toyin'
57%
insane,
54%
ooh)
54%
(Ooh)
54%
hidin'
52%
darkest
50%
obsession
50%
Trip
50%
playthings
46%
little
44%
pacin',
41%
woah)
38%
ya
38%
babe)
15%
No matching quizzes found
Score Distribution
Percent of People with Each Score
Percentile by Number Answered
Your Score History
You have not taken this quiz since the last reset